R F engineering for wireless networks: hardware antennas,and propagation (Record no. 908)

MARC details
000 -LEADER
Fixed length control field 00488nam a2200169 4500
003 - CONTROL NUMBER IDENTIFIER
Control field SEACOMEC
005 - DATE AND TIME OF LATEST TRANSACTION
Control field 20240417124726.0
008 - FIXED-LENGTH DATA ELEMENTS--GENERAL INFORMATION
Fixed length control field 240417b |||||||| |||| 00| 0 eng d
020 ## - INTERNATIONAL STANDARD BOOK NUMBER / ISBN
Price Rs.450.00
040 ## - CATALOGING SOURCE
Original cataloging agency SEACOMEC
082 ## - DEWEY DECIMAL CLASSIFICATION NUMBER
Classification number 621.384
Book Number D633
100 ## - MAIN ENTRY--PERSONAL NAME
Personal name Dopkin,Doniel M.
245 1# - TITLE STATEMENT
Title R F engineering for wireless networks: hardware antennas,and propagation
Statement of responsibility Doniel M. Dobkin
260 ## - IMPRINT
Place of publication New Delhi
Name of publisher Elsevier
Date of publication 2005
650 ## - SUBJECT ADDED ENTRY--TOPICAL TERM
Topical term Applied sciences
Form subdivision Radio and radar
942 ## - ADDED ENTRY ELEMENTS (KOHA)
Koha item type Books
Holdings
Withdrawn status Lost status Source of classification Damaged status Not for loan Home library Current library Date acquired Total Checkouts Call number Accession number Date last seen Price effective from Koha item type
    Dewey Decimal Classification     SEACOM ENGINEERING COLLEGE SEACOM ENGINEERING COLLEGE 11/06/2006   621.384 D633 3571 17/04/2024 17/04/2024 Books
© Seacom Engineering College, All rights reserved.      Powered by Koha